00521nam a2200229Ia 4500008004100000020001500041050001400056100001900070245002000089245002200109260002500131260001600156260000900172300001400181300002800195300001000223500000900233650001400242650001400256650001000270700001100280190123s9999 xx 000 0 und d a043947146x bA646 2001 aApperley, Dawn 0aFlip and flop / 0cby Dawn Apperley. aNew York, New York : bScholastic, c2001 aunpaged : bcolored illustrations ; c23cm. a210L aBrothers. aPenguins. aPlay. aTitle.